History of England (Record no. 354802)

MARC details
000 -LEADER
fixed length control field 004540000a22002050004500
005 - DATE AND TIME OF LATEST TRANSACTION
control field 20120302061743.0
040 ## - CATALOGING SOURCE
Original cataloging agency ENG
100 ## - MAIN ENTRY--PERSONAL NAME
Personal name Thorn,John
100 ## - MAIN ENTRY--PERSONAL NAME
Personal name Lockyer,Roger
100 ## - MAIN ENTRY--PERSONAL NAME
Personal name Smith,David
245 ## - TITLE STATEMENT
Title History of England
260 ## - PUBLICATION, DISTRIBUTION, ETC. (IMPRINT)
Place of publication, distribution, etc London:Ernest Benn Ltd.,1964.
300 ## - PHYSICAL DESCRIPTION
Extent 600p.
650 ## - SUBJECT ADDED ENTRY--TOPICAL TERM
Topical term or geographic name as entry element History
650 ## - SUBJECT ADDED ENTRY--TOPICAL TERM
Topical term or geographic name as entry element England
650 ## - SUBJECT ADDED ENTRY--TOPICAL TERM
Topical term or geographic name as entry element Prehistory
650 ## - SUBJECT ADDED ENTRY--TOPICAL TERM
Topical term or geographic name as entry element Middle Age
650 ## - SUBJECT ADDED ENTRY--TOPICAL TERM
Topical term or geographic name as entry element Second World War
942 ## - ADDED ENTRY ELEMENTS (KOHA)
Koha item type Book
Holdings
Withdrawn status Lost status Damaged status Not for loan Home library Current library Date acquired Total Checkouts Barcode Date last seen Price effective from
        Institute For Oriental Study, Thane Institute For Oriental Study, Thane 12/02/2009   IOS-13845 12/02/2009 12/02/2009